| 000 | 00432nam a22001697a 4500 | ||
|---|---|---|---|
| 005 | 20181016120622.0 | ||
| 008 | 160523b xxu||||| |||| 00| 0 eng d | ||
| 020 | _a0-07-05897-2 | ||
| 041 | _aeng | ||
| 082 |
_b4216 _a658.403 |
||
| 100 |
_aO'Brien, James A _94888 |
||
| 245 | _aIntroduction to Information Systems | ||
| 260 |
_aNew Delhi _bAcademic Faundation _c2003 |
||
| 300 | _a451p, | ||
| 650 |
_aManagement _9241 |
||
| 942 | _cBK | ||
| 999 |
_c1433 _d1433 |
||